000 00554cam a2200217 4500
001 2186869
005 20180215065821.0
008 720622s1972 nyua b 000 0 eng
010 _a 72005441
020 _a0471554006
040 _aDLC
_cDLC
_dDLC
041 _aeng
080 _a658.5 LUK
082 0 0 _a658.5 LUK
100 1 _a54
101 _aMEN
245 1 0 _aAutomation for productivity
_c[by] Hugh D. Luke.
504 _aIncludes bibliographical references.
906 _a7
_bcbc
_corignew
_d1
_eocip
_f19
_gy-gencatlg
942 _2ddc
_cBK
999 _c42648
_d42648